Catálogo público

Fracciones proteícas de cinco ingredientes usados en la nutrición de rumiantes / (Record no. 170406)

MARC details
000 -CABECERA
campo de control de longitud fija 01221nam a2200337Ia 4500
001 - NÚMERO DE CONTROL
campo de control Z_7134
003 - IDENTIFICADOR DEL NÚMERO DE CONTROL
campo de control CHAP
005 - FECHA Y HORA DE LA ÚLTIMA TRANSACCIÓN
campo de control 20221109173553.0
008 - DATOS DE LONGITUD FIJA--INFORMACIÓN GENERAL
campo de control de longitud fija 220113s2018 xx 000 0 und d
010 ## - NÚMERO DE CONTROL DE LA BIBLIOTECA DEL CONGRESO
Número de control de LC 170406
040 ## - FUENTE DE LA CATALOGACIÓN
Centro/agencia transcriptor CHAP
090 ## - LOCALMENTE ASIGNADO TIPO-LC NÚMERO DE CLASIFICACIÓN (OCLC); NÚMERO DE CLASIFICACIÓN LOCAL (RLIN)
Número de clasificación (OCLC) (R) ; Numero de clasificación, CALL (RLIN) (NR) Tesis P59 2678
100 ## - ENTRADA PRINCIPAL--NOMBRE DE PERSONA
Nombre de persona Pizaña Hernández, Luis Gerardo
9 (RLIN) 135692
245 ## - MENCIÓN DE TÍTULO
Título Fracciones proteícas de cinco ingredientes usados en la nutrición de rumiantes /
Mención de responsabilidad, etc. Luis Gerardo Pizaña Hernández
260 ## - PUBLICACIÓN, DISTRIBUCIÓN, ETC.
Lugar de publicación, distribución, etc. México :
Nombre del editor, distribuidor, etc. El autor,
Fecha de publicación, distribución, etc. 2018
300 ## - DESCRIPCIÓN FÍSICA
Extensión 26 p.
502 ## - NOTA DE TESIS
Nota de tesis Tesis (Ingeniero Agrónomo Especialista en Zootecnia) -- UACh, 2018 \ Dirección: Eliseo Sosa Montes; asesoría: José Isidro Alejos de la Fuente y Esther Sosa Montes
650 ## - PUNTO DE ACCESO ADICIONAL DE MATERIA--TÉRMINO DE MATERIA
Término de materia o nombre geográfico como elemento de entrada Digestibilidad in situ
9 (RLIN) 146863
650 ## - PUNTO DE ACCESO ADICIONAL DE MATERIA--TÉRMINO DE MATERIA
Término de materia o nombre geográfico como elemento de entrada Digestibilidad química
9 (RLIN) 146864
650 ## - PUNTO DE ACCESO ADICIONAL DE MATERIA--TÉRMINO DE MATERIA
Término de materia o nombre geográfico como elemento de entrada Ecuaciones
9 (RLIN) 35304
650 ## - PUNTO DE ACCESO ADICIONAL DE MATERIA--TÉRMINO DE MATERIA
Término de materia o nombre geográfico como elemento de entrada Modelo de Cornell
9 (RLIN) 146865
700 ## - PUNTO DE ACCESO ADICIONAL--NOMBRE DE PERSONA
Nombre de persona Alejos de la Fuente, José Isidro, asesor
9 (RLIN) 145277
700 ## - PUNTO DE ACCESO ADICIONAL--NOMBRE DE PERSONA
Nombre de persona Sosa Montes, Esther, asesor
9 (RLIN) 137539
700 ## - PUNTO DE ACCESO ADICIONAL--NOMBRE DE PERSONA
Nombre de persona Sosa Montes, Eliseo, director
9 (RLIN) 146582
856 42 - LOCALIZACIÓN Y ACCESO ELECTRÓNICOS
Identificador Uniforme del Recurso <a href="http://10.13.5.2/tesis/sist115432.pdf">http://10.13.5.2/tesis/sist115432.pdf</a>
Texto de enlace Descargar PDF
901 ## - ELEMENTOS DE DATOS A LOCAL LDA (RLIN)
a TESIS P59 2678
902 ## - ELEMENTOS DE DATOS B LOCAL, LDB (RLIN)
a M
910 ## - DATOS DE OPCIÓN DEL USUARIO (OCLC)
Datos de opción del usuario 2018
942 ## - ELEMENTOS DE PUNTO DE ACCESO ADICIONAL (KOHA)
Tipo de ítem Koha Tesis_
Fuente del sistema de clasificación o colocación Dewey Decimal Classification
942 ## - ELEMENTOS DE PUNTO DE ACCESO ADICIONAL (KOHA)
Tipo de ítem Koha Tesis_
Fuente del sistema de clasificación o colocación Dewey Decimal Classification
Holdings
Estado de retiro Estado de pérdida Fuente del sistema de clasificación o colocación Estado dañado No para préstamo Código de colección Localización permanente Ubicación/localización actual Fecha de adquisición Fuente de adquisición Total de préstamos Signatura topográfica completa Código de barras Fecha visto por última vez Número de copia Precio válido a partir de Tipo de ítem Koha Restricciones de uso
    Clasificación Universidad Autónoma de Chapingo   Excluido de préstamo Tesis Zootecnia Zootecnia 27/11/2019 El autor   Tesis P59 2678 z_T 5113 18/01/2022 1 18/01/2022 CD  
    Clasificación Universidad Autónoma de Chapingo   Excluido de préstamo Tesis Zootecnia Zootecnia 27/11/2019 El autor   Tesis P59 2678 z_T 5114 18/01/2022 2 18/01/2022 CD  
    Clasificación Universidad Autónoma de Chapingo     Tesis Zootecnia Zootecnia 27/11/2019 El autor   Tesis P59 2678 z_T 5115 18/01/2022 3 18/01/2022 Tesis Préstamo 5 días